| 000 | 00954nam a2200289 a 4500 | ||
|---|---|---|---|
| 003 | CBULib | ||
| 005 | 20240319093445.0 | ||
| 008 | 090310s2006 ||||||||||||||||| || u | ||
| 020 | _a9781844073764 | ||
| 040 |
_bEnglish _cCBULib _erda |
||
| 041 | _aeng | ||
| 050 | _aQC 981.8.C5 Dow | ||
| 100 |
_aDow, Kirstin _92525 |
||
| 245 | 1 | 4 |
_aThe atlas of climate change: mapping the world's greatest challenge. _c/ by Kirstin Dow; Thomas E Downing |
| 260 |
_aLondon : _bEarthscan, _c2006 |
||
| 300 | _a121 pages : lllustrations | ||
| 336 |
_2rdacontent _aText | _btxt |
||
| 337 |
_2rdamedia _aUnmediated | _bn |
||
| 338 |
_2rdacarrier _aVolume _bnc |
||
| 650 | 0 |
_aGEOGRAPHY _92526 |
|
| 650 | 0 |
_aCLIMATIC CHANGES--CHARTS, DIAGRAMS, ETC _92527 |
|
| 650 | 0 |
_aCLIMATIC CHANGES--MAPS _92528 |
|
| 650 | 0 |
_aCLIMATIC CHANGES _91323 |
|
| 700 |
_aDowning, Thomas E _92529 |
||
| 942 |
_2lcc _c002 |
||
| 999 |
_c84768 _d84768 |
||